| 000 | 01232cam a2200373 a 4500 | ||
|---|---|---|---|
| 001 | 3261 | ||
| 003 | FISKH | ||
| 005 | 20240222120528.0 | ||
| 008 | 051108s2006 nyua b 000 1 eng | ||
| 010 | _a 2005032382 | ||
| 020 | _a0439853168 | ||
| 020 | _a9780545019682 | ||
| 035 | _a(DLC)2005032382 | ||
| 035 | _a(DLC)3445 | ||
| 040 |
_aDLC _cDLC _dDLC _beng |
||
| 042 | _alcac | ||
| 050 | 0 | 0 |
_aPZ7.W846 _bAp 2006 |
| 082 | 0 | 0 |
_a[E] _222 |
| 100 | 1 | _aWood, Audrey. | |
| 245 | 1 | 0 |
_aAlphabet rescue / _cby Audrey Wood ; illustrated by Bruce Wood. |
| 250 | _aFirst Paperback printing, September 2007 | ||
| 260 |
_aNew York : _bScholastic, _c2006. |
||
| 300 |
_a28 unnumbered pages : _bcolor illustrations _c23 x 27 cm. |
||
| 505 | _aO | ||
| 520 | _aWhile on vacation in Alphabet City, Little e and the other lowercase letters repair an old fire truck and come to the rescue when a fire engulfs the letter-making factory. | ||
| 521 | 8 |
_a620 _bLexile AD |
|
| 521 | 8 |
_aO
_bRaz-Plus |
|
| 650 | 1 |
_aAlphabet _vFiction. |
|
| 650 | 1 |
_aFire engines _vFiction. |
|
| 650 | 1 |
_aRescues _vFiction. |
|
| 700 | 1 |
_aWood, Bruce Robert, _eillustrator |
|
| 906 |
_a7 _bcbc _corignew _d1 _eecip _f20 _gy-gencatlg |
||
| 942 |
_2ddc _cBK _n0 |
||
| 999 |
_c3261 _d3261 |
||